Geografie Československé socialistické republiky

Gespeichert in:
Bibliographische Detailangaben
Hauptverfasser: Mištěra, Ludvík (Verfasst von), Demek, Jaromír (Verfasst von)
Format: Buch
Sprache:Tschechisch
Veröffentlicht: Praha : Státní pedagogické nakladatelství, 1985
Ausgabe:1.vyd.
Schlagworte:
Tags: Tag hinzufügen
Keine Tags, Fügen Sie das erste Tag hinzu!

MARC

LEADER 00000nam a22000003a 4500
001 stu10658
005 20150617225659.7
008 941020s1985----cs------------------cze-d
040 |a STU  |b slo 
041 0 |a cze 
044 |a cs 
100 1 |a Mištěra, Ludvík  |4 aut 
245 1 |a Geografie Československé socialistické republiky 
250 |a 1.vyd.  
260 |a Praha :  |b Státní pedagogické nakladatelství,  |c 1985 
300 |a 385 s 
650 7 |a Geografia  |2 stusub 
650 7 |a Československo  |2 stusub 
700 1 |a Demek, Jaromír  |4 aut 
996 |b 284AU00993  |c A*1092 U  |l AAKNAR  |s A  |a 24  |w stu10658_0001